Digitalizácia emisie hluku vo vybranom podniku

Uložené v:
Podrobná bibliografia
Hlavný autor: Vávrová, Lívia (Autor)
Ďalší autori: Čekan, Pavol (Vedúci práce)
Médium: Rukopis Kniha
Jazyk:Slovak
Vydavateľské údaje: 2019
Predmet:
On-line prístup:http://is.stuba.sk/zp/portal_zp.pl?podrobnosti=143545
Tagy: Pridať tag
Žiadne tagy, Buďte prvý, kto otaguje tento záznam!

MARC

LEADER 00000ntm a22000003a 4500
001 stuzp74045
003 SK-STU
005 20190608212746.4
007 ta
008 150427s2015----xo-----f-mn---000-0-slo-d
040 |a STU  |b slo 
041 0 |a slo 
100 1 |a Vávrová, Lívia  |u 065000  |k Z4  |4 aut  |U MTF Materiálovotechnologická fakulta  |T MTF Ústav integrovanej bezpečnosti  |X 77361  |U M5000  |Y 85  |7 77361 
242 0 1 |a Digitalization of a noise emission in a selected plant  |y eng 
245 1 0 |a Digitalizácia emisie hluku vo vybranom podniku 
260 |c 2019 
650 4 |a hluk  |2 slo 
650 4 |a meranie hluku  |2 slo 
650 4 |a hlukové mapovanie  |2 slo 
650 4 |a opatrenia  |2 slo 
650 4 |a noise  |2 eng 
650 4 |a noise mapping  |2 eng 
650 4 |a measurement of noise  |2 eng 
650 4 |a corrective measures  |2 eng 
700 1 |a Čekan, Pavol  |u 065200  |k Z1  |4 ths  |U MTF Ústav integrovanej bezpečnosti  |T MTF Katedra bezpečnostného inžinierstva  |X 66185  |U M5200  |Y 192  |7 A000066185 
856 4 |u http://is.stuba.sk/zp/portal_zp.pl?podrobnosti=143545 
996 |c M* DP-13943  |l MMSKP  |s P  |a 0  |w stuzp74045_0001